MARC details
| 000 -LEADER |
| campo de control de longitud fija |
01782nam a2200385 i 4500 |
| 001 - NÚMERO DE CONTROL |
| campo de control |
198202 |
| 003 - IDENTIFICADOR DE NÚMERO DE CONTROL |
| campo de control |
ES-MaACL |
| 005 - FECHA Y HORA DE LA ÚLTIMA TRANSACCIÓN |
| campo de control |
20260527204913.0 |
| 007 - CAMPO FIJO DE DESCRIPCIÓN FÍSICA--INFORMACIÓN GENERAL |
| campo de control de longitud fija |
ta |
| 008 - DATOS DE LONGITUD FIJA--INFORMACIÓN GENERAL |
| campo de control de longitud fija |
260406s2025 sp a|||| |||| 001 0 spa d |
| 017 ## - NÚMERO DE COPYRIGHT O DE DEPÓSITO LEGAL |
| Número de copyright o de depósito legal |
S 398-2025 |
| Agencia que asigna |
Oficina Depósito Legal Salamanca |
| 020 ## - NÚMERO INTERNACIONAL ESTÁNDAR DEL LIBRO |
| Número Internacional Estándar del Libro |
978-84-1091-147-5 |
| 024 7# - IDENTIFICADOR DE OTROS ESTÁNDARES |
| Número estándar o código |
191-25-035-8 |
| Información calificativa |
impreso |
| Fuente del número o código |
nipo |
| 024 7# - IDENTIFICADOR DE OTROS ESTÁNDARES |
| Número estándar o código |
191-25-034-2 |
| Información calificativa |
PDF |
| Fuente del número o código |
nipo |
| 040 ## - FUENTE DE CATALOGACIÓN |
| Lengua de catalogación |
spa |
| Centro/agencia transcriptor |
ES-MaACL |
| 080 ## - NÚMERO DE LA CLASIFICACIÓN DECIMAL UNIVERSAL |
| Número de la Clasificación Decimal Universal |
929 Martín Gaite, Carmen (083.824) |
| 080 ## - NÚMERO DE LA CLASIFICACIÓN DECIMAL UNIVERSAL |
| Número de la Clasificación Decimal Universal |
821.134.2 Martín Gaite, Carmen 1.07(083.824) |
| 245 00 - MENCIÓN DEL TÍTULO |
| Título |
Carmen Martín Gaite (1925-2025) : |
| Resto del título |
un paradigma de mujer de letras / |
| Mención de responsabilidad, etc. |
comisariado, José Teruel ; textos, José Teruel ; organizan, Biblioteca Nacional de España [y otros cuatro] |
| 264 #1 - PRODUCCIÓN, PUBLICACIÓN, DISTRIBUCIÓN, FABRICACIÓN Y COPYRIGHT |
| Producción, publicación, distribución, fabricación y copyright |
Madrid : |
| Nombre del de productor, editor, distribuidor, fabricante |
Biblioteca Nacional de España : |
| -- |
Acción Cultural Española ; |
| Producción, publicación, distribución, fabricación y copyright |
Salamanca : |
| Nombre del de productor, editor, distribuidor, fabricante |
Ediciones Universidad de Salamanca, |
| Fecha de producción, publicación, distribución, fabricación o copyright |
2025 |
| 264 #4 - PRODUCCIÓN, PUBLICACIÓN, DISTRIBUCIÓN, FABRICACIÓN Y COPYRIGHT |
| Fecha de producción, publicación, distribución, fabricación o copyright |
©2025 |
| 300 ## - DESCRIPCIÓN FÍSICA |
| Extensión |
239 páginas : |
| Otras características físicas |
ilustraciones, fotografías (blanco y negro y color) ; |
| Dimensiones |
24 cm |
| 336 ## - TIPO DE CONTENIDO |
| Fuente |
rdacontent |
| Término de tipo de contenido |
Texto |
| -- |
imagen fija |
| 337 ## - TIPO DE MEDIO |
| Fuente |
rdamedia |
| Nombre/término del tipo de medio |
sin mediación |
| 338 ## - TIPO DE SOPORTE |
| Fuente |
rdacarrier |
| Nombre/término del tipo de soporte |
volumen |
| 500 ## - NOTA GENERAL |
| Nota general |
Exposición: Biblioteca Nacional de España, Madrid, del 18 de diciembre de 2025 al 14 de junio de 2026 |
| 500 ## - NOTA GENERAL |
| Nota general |
Índice |
| 600 14 - PUNTO DE ACCESO ADICIONAL DE MATERIA--NOMBRE DE PERSONA |
| Nombre de persona |
Martín Gaite, Carmen, |
| Fechas asociadas al nombre |
1925-2000 |
| Subdivisión de forma |
Exposiciones |
| 9 (RLIN) |
242960 |
| 655 #4 - TERMINO DE INDIZACIÓN--GENERO/FORMA |
| Datos o término principal de género/forma |
Catálogos de exposiciones |
| 9 (RLIN) |
193628 |
| 700 1# - ENTRADA AGREGADA--NOMBRE PERSONAL |
| Nombre de persona |
Teruel Benavente, José |
| Relación |
aut |
| -- |
orm |
| 9 (RLIN) |
109812 |
| Término indicativo de función/relación |
Autor |
| -- |
Comisario |
| 710 2# - ENTRADA AGREGADA--NOMBRE DE ENTIDAD CORPORATIVA |
| Relación |
his |
| -- |
isb |
| Nombre de entidad corporativa o nombre de jurisdicción como elemento de entrada |
Biblioteca Nacional de España |
| Término indicativo de función/relación |
Sede |
| -- |
entidad responsable |
| 9 (RLIN) |
234950 |
| 852 ## - LOCALIZACIÓN |
| Ubicación |
ES-MaACL |
| Ubicación en estantería |
Depósito 1 |
| Número de control de estantería |
A-16052 |
| Donativo/Legado |
Donación: Jacobo Sanz Hermida, director de Ediciones Universidad de Salamanca |
| Encuadernación |
Encuadernación rústica |
| itemnumber |
207185 |
| 942 ## - ELEMENTOS DE ENTRADA SECUNDARIOS (KOHA) |
| Tipo de ítem Koha |
Libro impreso |
| Suprimir en OPAC |
No |